[Event "Graz op-B"]
[Site "Graz"]
[Date "2006.09.16"]
[Round "1.1"]
[White "Amtmann, Franz"]
[Black "Lang, Wolfgang"]
[Result "1/2-1/2"]
[WhiteElo "1751"]
[BlackElo "1997"]
[PlyCount "92"]
[EventDate "2006.09.16"]

1. d4 d5 2. c4 c6 3. Nc3 Nf6 4. e3 e6 5. cxd5 exd5 6. Bd3 Bd6 7. Nf3 Qc7 8. h3
O-O 9. O-O Re8 10. Qc2 Nbd7 11. Ng5 Nf8 12. f4 a6 13. Ne2 h6 14. Nf3 Ne4 15.
Nd2 Bf5 16. Nxe4 Bxe4 17. Nc3 Bxd3 18. Qxd3 Rad8 19. Bd2 Nd7 20. Rac1 Nf6 21.
Rf3 Qe7 22. a3 c5 23. dxc5 Bxc5 24. Ne2 Ne4 25. Nd4 Nxd2 26. Qxd2 Bb6 27. Kh2
Qf6 28. Rc3 Re4 29. Rd3 Bxd4 30. Rxd4 Rxd4 31. Qxd4 Qxd4 32. exd4 Re8 33. Kg3
Re4 34. Rd3 Kf8 35. Kf3 Ke7 36. Re3 f5 37. Rd3 Kd6 38. a4 b5 39. axb5 a5 40. g4
g6 41. b6 Kc6 42. Rb3 Kb7 43. gxf5 gxf5 44. Rb5 Rxd4 45. Rxa5 Kxb6 46. b4 Rd3+
1/2-1/2

[Event "Graz op-B"]
[Site "Graz"]
[Date "2006.09.16"]
[Round "1.2"]
[White "Gashi, Veli"]
[Black "Steinacher, Hermann"]
[Result "0-1"]
[WhiteElo "1996"]
[BlackElo "1700"]
[PlyCount "56"]
[EventDate "2006.09.16"]

1. d4 d5 2. g3 Bf5 3. Nf3 Nf6 4. Bg2 e6 5. O-O Be7 6. b3 O-O 7. Bb2 Nbd7 8.
Nbd2 Ne4 9. c4 Re8 10. Rc1 c6 11. Nxe4 Bxe4 12. Qd2 a5 13. Rfd1 h6 14. Bc3 Ba3
15. Ra1 Be7 16. c5 Bf6 17. a3 Qe7 18. Bxa5 e5 19. dxe5 Nxe5 20. Rac1 Bg5 21.
Nxg5 Bxg2 22. Kxg2 hxg5 23. f3 Ng4 24. fxg4 Rxa5 25. Qxa5 Qe4+ 26. Kh3 Qh7+ 27.
Kg2 Rxe2+ 28. Kf1 Qxh2 0-1

[Event "Graz op-B"]
[Site "Graz"]
[Date "2006.09.16"]
[Round "1.3"]
[White "Vegh, Istvan"]
[Black "Thalmeier, Bernd"]
[Result "1/2-1/2"]
[WhiteElo "1693"]
[BlackElo "1996"]
[PlyCount "59"]
[EventDate "2006.09.16"]

1. d4 d5 2. Nf3 Nf6 3. Bg5 e6 4. e3 c5 5. c3 h6 6. Bh4 Nbd7 7. Nbd2 Be7 8. Rc1
b6 9. Bd3 Bb7 10. O-O O-O 11. Bb1 Ne4 12. Bxe7 Qxe7 13. Nxe4 dxe4 14. Nd2 f5
15. f3 exf3 16. Nxf3 Rad8 17. Qe1 e5 18. Qh4 Qe6 19. Nxe5 Nxe5 20. dxe5 Qxe5
21. Qf2 Qd5 22. h3 Rf6 23. Qg3 Qc6 24. Bxf5 Qe8 25. Bb1 Rxf1+ 26. Rxf1 Rd2 27.
Rf2 Rd1+ 28. Rf1 Rd2 29. Rf2 Rd1+ 30. Rf1 1/2-1/2

[Event "Graz op-B"]
[Site "Graz"]
[Date "2006.09.16"]
[Round "1.4"]
[White "Kratschmer, Heinz"]
[Black "Kohlbacher, Friedrich"]
[Result "1-0"]
[WhiteElo "1993"]
[BlackElo "1689"]
[PlyCount "139"]
[EventDate "2006.09.16"]

1. d4 d5 2. Nf3 e6 3. c4 Nf6 4. e3 Be7 5. Nc3 O-O 6. Bd3 b6 7. O-O c5 8. Qe2
Bb7 9. Rd1 Re8 10. b3 a6 11. Bb2 Nbd7 12. Rac1 Bd6 13. h3 h6 14. dxc5 Nxc5 15.
Bb1 Nce4 16. Nxe4 Nxe4 17. Nd2 Qe7 18. cxd5 exd5 19. Nf3 b5 20. Nd4 Be5 21. Nf5
Qf6 22. Bxe5 Rxe5 23. Nd4 g6 24. Rc7 Re7 25. Rdc1 Rae8 26. Bxe4 Rxe4 27. Qf3
Qxf3 28. Nxf3 R8e7 29. b4 Kf8 30. Nd4 Rxc7 31. Rxc7 Re7 32. Rc5 f5 33. g3 h5
34. h4 Kg7 35. Kf1 Kf6 36. Ke2 Rd7 37. Kd2 Kf7 38. a3 Kf6 39. Rc1 Kf7 40. Nf3
Kf6 41. Nd4 Kf7 42. Kd3 Kf6 43. Ne2 Ke5 44. Rc5 Kd6 45. Nf4 Rg7 46. Kd4 Bc6 47.
Nxd5 Bxd5 48. Rxd5+ Ke6 49. e4 fxe4 50. Kxe4 Rc7 51. Rc5 Rxc5 52. bxc5 a5 53.
Kd4 Kd7 54. f3 Kc6 55. g4 b4 56. axb4 axb4 57. Kc4 b3 58. Kxb3 Kxc5 59. Kc3 Kd5
60. Kd3 Ke5 61. Ke3 hxg4 62. fxg4 Ke6 63. Ke4 Kf6 64. Kd5 Kf7 65. Ke5 Ke7 66.
g5 Kf7 67. Kd6 Kg8 68. Ke6 Kg7 69. Ke7 Kg8 70. Kf6 1-0

[Event "Graz op-B"]
[Site "Graz"]
[Date "2006.09.16"]
[Round "1.5"]
[White "Meixner, Peter"]
[Black "Knoll, Martin"]
[Result "0-1"]
[WhiteElo "1688"]
[BlackElo "1991"]
[PlyCount "79"]
[EventDate "2006.09.16"]

1. d4 d6 2. c4 c6 3. Nc3 g6 4. e4 Bg7 5. Nf3 Bg4 6. Be2 Qb6 7. d5 Nd7 8. h3
Bxf3 9. Bxf3 Ngf6 10. O-O O-O 11. Qc2 Ne5 12. Be2 Rac8 13. Be3 Qc7 14. f4 Ned7
15. Rac1 a6 16. b4 cxd5 17. Nxd5 Nxd5 18. exd5 Nf6 19. Bf3 Nh5 20. g4 Nf6 21.
Rfd1 b6 22. Bd4 e5 23. dxe6 fxe6 24. Qd2 e5 25. fxe5 dxe5 26. Be3 e4 27. Bf4
Qf7 28. Be2 Rcd8 29. Qe3 Nd7 30. Bd6 Rfe8 31. Bf4 Re6 32. c5 bxc5 33. Bc4 Bd4
34. Rxd4 cxd4 35. Qxd4 Rc8 36. Rf1 Rxc4 37. Qxc4 Rf6 38. Qxf7+ Kxf7 39. Be3 Ke6
40. Rxf6+ 0-1

[Event "Graz op-B"]
[Site "Graz"]
[Date "2006.09.16"]
[Round "1.7"]
[White "Nigg, Roderich"]
[Black "Saxer, Bernhard"]
[Result "1/2-1/2"]
[WhiteElo "1677"]
[BlackElo "1978"]
[PlyCount "107"]
[EventDate "2006.09.16"]

1. e4 c5 2. Nf3 d6 3. d4 cxd4 4. Nxd4 Nf6 5. Nc3 g6 6. Be3 Bg7 7. Be2 O-O 8.
O-O Nc6 9. Nf3 Qc7 10. Qd2 Bg4 11. h3 Bxf3 12. Bxf3 Ne5 13. Be2 Rfc8 14. Rac1
Nc4 15. Bxc4 Qxc4 16. f3 b5 17. Ne2 Qxa2 18. b3 Rc7 19. Nd4 Qa6 20. Ra1 Qb7 21.
Ra5 a6 22. Rfa1 Rcc8 23. Qb4 Rcb8 24. Qa3 Nxe4 25. Rxa6 Rxa6 26. Qxa6 Nc5 27.
Qxb7 Nxb7 28. Ra7 Bxd4 29. Bxd4 e5 30. Bb2 Kf8 31. Kf2 Ke7 32. Ke3 Ke6 33. Ba3
h5 34. Ra6 Kd5 35. Rb6 Ra8 36. Rxb7 Rxa3 37. Rxf7 Ke6 38. Rg7 Kf6 39. Rb7 Ra2
40. Kd3 Ra1 41. Rxb5 Rg1 42. g4 Rg3 43. gxh5 gxh5 44. Ke4 Rxh3 45. Rb8 Rh4+ 46.
Kd5 Rd4+ 47. Kc6 Rd2 48. b4 Rxc2+ 49. Kxd6 Rd2+ 50. Kc5 h4 51. Rh8 Kg5 52. b5
Rc2+ 53. Kd5 Rb2 54. Kc6 1/2-1/2

[Event "Graz op-B"]
[Site "Graz"]
[Date "2006.09.16"]
[Round "1.8"]
[White "Pojer, Hannes"]
[Black "Wachmann, Hermann"]
[Result "1-0"]
[WhiteElo "1977"]
[BlackElo "1660"]
[PlyCount "119"]
[EventDate "2006.09.16"]

1. d4 g6 2. c4 Bg7 3. Nc3 c5 4. d5 d6 5. Bd2 Nf6 6. e4 Nbd7 7. Qc2 O-O 8. f4 a6
9. Nf3 Qc7 10. a4 b6 11. Be2 Bb7 12. Nh4 e6 13. dxe6 fxe6 14. f5 exf5 15. exf5
Ne5 16. fxg6 hxg6 17. Nxg6 Nxg6 18. Qxg6 Qf7 19. Qxf7+ Rxf7 20. O-O Re8 21. Bd3
Rfe7 22. Bg5 Rf8 23. h4 Rd7 24. Bf5 Rdd8 25. Rad1 Rfe8 26. Nd5 Nxd5 27. Bxd8
Bd4+ 28. Rxd4 cxd4 29. cxd5 Rxd8 30. Be6+ Kh8 31. Rd1 Bc8 32. Rxd4 Bxe6 33.
dxe6 d5 34. e7 Re8 35. Rxd5 Rxe7 36. Rd4 Re5 37. Kf2 b5 38. a5 b4 39. Rxb4 Rxa5
40. b3 Ra2+ 41. Kf3 a5 42. Ra4 Rb2 43. Ra3 Rc2 44. Rxa5 Rc3+ 45. Kf4 Rxb3 46.
g4 Kg7 47. Kg5 Rb6 48. Ra7+ Kg8 49. h5 Rb5+ 50. Kh4 Rb1 51. h6 Rh1+ 52. Kg5 Rb1
53. Kg6 Rb6+ 54. Kh5 Rb1 55. g5 Rb6 56. Ra8+ Kh7 57. g6+ Rxg6 58. Ra7+ Rg7 59.
Rxg7+ Kh8 60. Ra7 1-0

[Event "Graz op-B"]
[Site "Graz"]
[Date "2006.09.16"]
[Round "1.9"]
[White "Schmedler, Anton"]
[Black "Legenstein, Robert"]
[Result "1/2-1/2"]
[WhiteElo "1657"]
[BlackElo "1966"]
[PlyCount "39"]
[EventDate "2006.09.16"]

1. e4 e5 2. Nf3 Nc6 3. d4 exd4 4. Nxd4 Nf6 5. Nxc6 bxc6 6. Bd3 Bc5 7. O-O d5 8.
Bg5 dxe4 9. Bxf6 Qxf6 10. Bxe4 O-O 11. Nc3 Ba6 12. Bd3 Rad8 13. Ne4 Qe5 14.
Nxc5 Qxc5 15. Qf3 Bxd3 16. cxd3 Qb5 17. Rac1 Rxd3 18. Qxc6 Qxb2 19. Rc2 Qd4 20.
Qxc7 1/2-1/2

[Event "Graz op-B"]
[Site "Graz"]
[Date "2006.09.16"]
[Round "1.10"]
[White "Neubauer, Anton"]
[Black "Madritsch, Manfred"]
[Result "1-0"]
[WhiteElo "1964"]
[BlackElo "1645"]
[PlyCount "73"]
[EventDate "2006.09.16"]

1. e4 d6 2. d4 Nf6 3. Bd3 g6 4. Nf3 Bg7 5. O-O O-O 6. Re1 Nc6 7. c3 e5 8. dxe5
dxe5 9. Qe2 a6 10. Bg5 h6 11. Be3 Qe7 12. Na3 Be6 13. Rad1 Rad8 14. b4 Nd7 15.
Nc4 b5 16. Ncd2 f5 17. Nb3 Bxb3 18. axb3 f4 19. Bc1 Kh8 20. Bb2 h5 21. h3 h4
22. Nh2 Nf6 23. Ra1 Nb8 24. Nf3 Nh5 25. Bc2 Rd6 26. Red1 Rdf6 27. c4 Rb6 28.
Rd5 Nc6 29. c5 Rbb8 30. Rxa6 Nxb4 31. Rxg6 Nxd5 32. exd5 Qxc5 33. Qe4 Qe7 34.
Re6 Nf6 35. Qxe5 Qf7 36. Qxf4 Nxd5 37. Qh6+ 1-0

[Event "Graz op-B"]
[Site "Graz"]
[Date "2006.09.17"]
[Round "2.2"]
[White "Knoll, Martin"]
[Black "Stolterfoht, Daniel"]
[Result "1-0"]
[WhiteElo "1991"]
[BlackElo "1859"]
[PlyCount "68"]
[EventDate "2006.09.16"]

1. d4 Nf6 2. c4 c5 3. d5 b5 4. cxb5 a6 5. bxa6 Bxa6 6. Nc3 d6 7. e4 Bxf1 8.
Kxf1 g6 9. g4 Bg7 10. h4 Qc8 11. f3 Na6 12. Bg5 Nd7 13. Qd2 h6 14. Bf4 Nb4 15.
Nge2 c4 16. Nd4 Nd3 17. Nc6 N7c5 18. Kg2 Nxb2 19. Nb5 Qd7 20. Nbd4 Nbd3 21. Bg3
O-O 22. h5 g5 23. Nf5 e6 24. Nxg7 Kxg7 25. Qc3+ f6 26. Qxc4 Ra4 27. Qc2 exd5
28. exd5 Re8 29. Rhd1 Re3 30. Rxd3 Rxd3 31. Re1 Kf8 32. Qb2 Qf7 33. Qb8+ Kg7
34. Re7 Qxe7 1-0

[Event "Graz op-B"]
[Site "Graz"]
[Date "2006.09.17"]
[Round "2.3"]
[White "Meixner, Helmut"]
[Black "Pojer, Hannes"]
[Result "1-0"]
[WhiteElo "1849"]
[BlackElo "1977"]
[PlyCount "81"]
[EventDate "2006.09.16"]

1. d4 Nf6 2. c4 c5 3. d5 b5 4. cxb5 a6 5. b6 Bb7 6. Nc3 Qxb6 7. e4 d6 8. Nf3
Nbd7 9. Nd2 e6 10. Nc4 Qc7 11. Bf4 e5 12. Bd2 Nb6 13. Ne3 g6 14. Be2 Bg7 15. h4
h6 16. g4 Bc8 17. b3 Bd7 18. Bd3 Qc8 19. Rg1 Nh7 20. Qf3 Qd8 21. Rh1 Qf6 22.
Qg2 Qd8 23. O-O-O O-O 24. Rdg1 Qe7 25. Be2 a5 26. Nf5 gxf5 27. gxf5 Qf6 28. Rh3
Kh8 29. Bg5 hxg5 30. hxg5 Bh6 31. Rxh6 Qg7 32. Rgh1 Kg8 33. Rxh7 Qxh7 34. Rxh7
Kxh7 35. Qh2+ Kg8 36. Qh6 Bxf5 37. exf5 f6 38. g6 Ra7 39. Nb5 Rd7 40. Nxd6 Nxd5
41. Bc4 1-0

[Event "Graz op-B"]
[Site "Graz"]
[Date "2006.09.17"]
[Round "2.4"]
[White "Kunschek, Horst"]
[Black "Neubauer, Anton"]
[Result "0-1"]
[WhiteElo "1845"]
[BlackElo "1964"]
[PlyCount "58"]
[EventDate "2006.09.16"]

1. e4 e6 2. Nf3 d5 3. exd5 exd5 4. d4 Nf6 5. c4 Bg4 6. Nc3 Be7 7. Be2 O-O 8.
O-O dxc4 9. Bxc4 Nbd7 10. Nd5 Nxd5 11. Bxd5 c6 12. Bc4 Nb6 13. Be2 Qd5 14. Ne5
Bxe2 15. Qxe2 Bd6 16. Nf3 Rfe8 17. Qc2 Re4 18. Ng5 Rh4 19. h3 Rh5 20. Nf3 Re8
21. Be3 Rxh3 22. gxh3 Qxf3 23. Rfe1 Re6 24. Bg5 Qxh3 25. Rxe6 Bh2+ 26. Kh1 fxe6
27. Qb3 Bg3+ 28. Kg1 Qh2+ 29. Kf1 Qxf2# 0-1

[Event "Graz op-B"]
[Site "Graz"]
[Date "2006.09.17"]
[Round "2.6"]
[White "Glaser, Herbert"]
[Black "Grosse, Manfred"]
[Result "1/2-1/2"]
[WhiteElo "1841"]
[BlackElo "1939"]
[PlyCount "113"]
[EventDate "2006.09.16"]

1. d4 b5 2. e4 Bb7 3. Bd3 Nf6 4. f3 b4 5. c3 bxc3 6. Nxc3 e6 7. Nge2 Be7 8. O-O
O-O 9. Qc2 Ba6 10. a3 c5 11. Bxa6 Nxa6 12. Qa4 cxd4 13. Qxa6 dxc3 14. Nxc3 d5
15. exd5 exd5 16. Bg5 d4 17. Bxf6 Bxf6 18. Ne4 Be5 19. Rad1 Qd5 20. Qd3 Rfd8
21. f4 Bc7 22. Rf3 f5 23. Ng5 h6 24. Nh3 Rab8 25. b4 Bb6 26. Nf2 Rbc8 27. Qb3
Qxb3 28. Rxb3 Rc3 29. Rxc3 dxc3 30. Rxd8+ Bxd8 31. Kf1 c2 32. Nd3 Bf6 33. Ke2
Bc3 34. Nc1 Bb2 35. Kd2 Bxa3 36. b5 Kf7 37. Kxc2 Bxc1 38. Kxc1 Ke6 39. Kc2 Kd5
40. Kb3 g5 41. g3 gxf4 42. gxf4 Ke4 43. Kb4 Kxf4 44. Ka5 Kg4 45. Ka6 f4 46.
Kxa7 f3 47. b6 f2 48. b7 f1=Q 49. b8=Q Qa1+ 50. Kb7 Qb1+ 51. Kc8 Qxb8+ 52. Kxb8
h5 53. Kc7 h4 54. Kd6 h3 55. Ke5 Kf3 56. Kd4 Kg2 57. Ke3 1/2-1/2

[Event "Graz op-B"]
[Site "Graz"]
[Date "2006.09.17"]
[Round "2.7"]
[White "Nauschnegg, Gerald"]
[Black "Fischer, Werner"]
[Result "1/2-1/2"]
[WhiteElo "1923"]
[BlackElo "1811"]
[PlyCount "68"]
[EventDate "2006.09.16"]

1. e4 c5 2. Nf3 d6 3. d4 cxd4 4. Nxd4 Nf6 5. Nc3 Nc6 6. Be2 g6 7. Be3 Bg7 8.
Qd2 Ng4 9. Bxg4 Bxg4 10. f3 Bd7 11. O-O-O a6 12. Nd5 Nxd4 13. Bxd4 Bxd4 14.
Qxd4 f6 15. f4 Bc6 16. Ne3 Qa5 17. Kb1 Qa4 18. Nc4 Rd8 19. Rhe1 b5 20. Ne3 Qxd4
21. Rxd4 e5 22. fxe5 fxe5 23. Rd2 Rf8 24. Nd5 Bxd5 25. exd5 Ke7 26. c3 Rf6 27.
Ree2 Rdf8 28. Kc2 h5 29. Kb3 h4 30. h3 Kd7 31. a4 Rf4 32. axb5 axb5 33. Kc2 b4
34. Kd3 g5 1/2-1/2

[Event "Graz op-B"]
[Site "Graz"]
[Date "2006.09.17"]
[Round "2.8"]
[White "Gsaxner, Daniel"]
[Black "Zuchart, Manfred"]
[Result "1-0"]
[WhiteElo "1816"]
[BlackElo "1922"]
[PlyCount "63"]
[EventDate "2006.09.16"]

1. e4 d5 2. exd5 Nf6 3. d4 Nxd5 4. Be3 Nxe3 5. fxe3 Nc6 6. Bb5 Bd7 7. Nf3 e6 8.
c3 a6 9. Bd3 Qe7 10. Nbd2 g6 11. O-O Bh6 12. e4 O-O-O 13. b4 f5 14. a4 Nb8 15.
Nb3 Bc6 16. Qe2 fxe4 17. Bxe4 Bxe4 18. Qxe4 Rhf8 19. Nc5 Nc6 20. Qxe6+ Kb8 21.
Nxa6+ bxa6 22. Qxc6 Rd6 23. Qc4 Be3+ 24. Kh1 Qe4 25. Ne5 Bf4 26. Rae1 Qc2 27.
Nc6+ Kb7 28. Na5+ Kc8 29. Rxf4 Rxf4 30. Qg8+ Rd8 31. Qe6+ Kb8 32. Qxa6 1-0

[Event "Graz op-B"]
[Site "Graz"]
[Date "2006.09.17"]
[Round "2.9"]
[White "Brandstetter, Dieter"]
[Black "Paulitsch, Karl"]
[Result "1/2-1/2"]
[WhiteElo "1921"]
[BlackElo "1796"]
[PlyCount "71"]
[EventDate "2006.09.16"]

1. d4 g6 2. c4 Bg7 3. Nc3 d6 4. e4 e5 5. Be3 exd4 6. Bxd4 Bxd4 7. Qxd4 Qf6 8.
Nf3 Nc6 9. Qd2 Bg4 10. Nd5 Qd8 11. Qc3 f6 12. Be2 Bxf3 13. gxf3 Ne5 14. f4 Nd7
15. O-O-O Kf7 16. e5 c6 17. Ne3 fxe5 18. Rxd6 Qe7 19. Rhd1 Ngf6 20. c5 Rhe8 21.
Bg4 Nf8 22. Qb3+ Kg7 23. fxe5 Qxe5 24. Qxb7+ Kh8 25. Qb4 Rab8 26. Qd4 Qxd4 27.
R1xd4 Nxg4 28. Nxg4 Re6 29. Rxe6 Nxe6 30. Rd6 Nxc5 31. Rxc6 Ne4 32. Rc7 Rf8 33.
Rxa7 Nxf2 34. Nxf2 Rxf2 35. h4 Rf4 36. h5 1/2-1/2

[Event "Graz op-B"]
[Site "Graz"]
[Date "2006.09.17"]
[Round "2.10"]
[White "Karner, Robert"]
[Black "Molnar, Attila"]
[Result "0-1"]
[WhiteElo "1808"]
[BlackElo "1917"]
[PlyCount "50"]
[EventDate "2006.09.16"]

1. e4 c5 2. Nf3 b6 3. d4 cxd4 4. Nxd4 Bb7 5. Bd3 e6 6. O-O d6 7. Bb5+ Nd7 8.
Qe2 a6 9. Ba4 Ngf6 10. f3 Qc7 11. Nc3 Be7 12. Bg5 O-O 13. Bb3 Nc5 14. Bc4 h6
15. Bh4 Nfxe4 16. Nxe4 Bxh4 17. b4 Nxe4 18. fxe4 b5 19. Bxe6 Qb6 20. Bxf7+ Rxf7
21. Rxf7 Qxd4+ 22. Kh1 Qxa1+ 23. Rf1 Qxa2 24. Qh5 Bf6 25. Qg6 Rf8 0-1

[Event "Graz op-B"]
[Site "Graz"]
[Date "2006.09.18"]
[Round "3.1"]
[White "Bornet, Rene"]
[Black "Knoll, Martin"]
[Result "1/2-1/2"]
[WhiteElo "1906"]
[BlackElo "1991"]
[PlyCount "66"]
[EventDate "2006.09.16"]

1. d4 c6 2. c3 d6 3. Bf4 g6 4. Nf3 Bg7 5. Nbd2 Nf6 6. e3 Nbd7 7. Be2 O-O 8. O-O
Nh5 9. Bg5 h6 10. Bh4 b5 11. a4 bxa4 12. Rxa4 Bb7 13. Qa1 g5 14. Ne1 Ndf6 15.
Bg3 Nxg3 16. hxg3 a5 17. Nb3 Qb6 18. Nxa5 Rfb8 19. Nxb7 Rxa4 20. Qxa4 Rxb7 21.
Nd3 Ra7 22. Qc2 Nd7 23. Nb4 e5 24. Rd1 d5 25. dxe5 Bxe5 26. Qf5 Bg7 27. Bd3 Nf8
28. Bb1 Ne6 29. Qh7+ Kf8 30. Qf5 Ra5 31. Qg4 Ra1 32. Kh2 Be5 33. Qf5 Bg7
1/2-1/2

[Event "Graz op-B"]
[Site "Graz"]
[Date "2006.09.18"]
[Round "3.2"]
[White "Neubauer, Anton"]
[Black "Meixner, Helmut"]
[Result "0-1"]
[WhiteElo "1964"]
[BlackElo "1849"]
[PlyCount "80"]
[EventDate "2006.09.16"]

1. e4 c6 2. d4 d5 3. e5 Bf5 4. Nf3 e6 5. a3 c5 6. c4 Ne7 7. dxc5 Nbc6 8. b4 Qc7
9. Bb2 Bg4 10. Nbd2 O-O-O 11. Qb3 Ng6 12. cxd5 exd5 13. Bb5 Ngxe5 14. O-O h5
15. Nd4 Rh6 16. f4 Nc4 17. Nxc4 dxc4 18. Qxc4 Nxd4 19. Bxd4 a6 20. a4 Re6 21.
Be5 Qe7 22. c6 axb5 23. axb5 bxc6 24. Ra8+ Kb7 25. bxc6+ Rxc6 26. Ra7+ Kxa7 27.
Qxc6 Rd1 28. Qa4+ Kb7 29. Qb5+ Kc8 30. Qb8+ Kd7 31. Qc7+ Ke6 32. f5+ Kd5 33.
Rxd1+ Bxd1 34. Qxe7 Bxe7 35. Bc3 Kc4 36. Be1 Bxb4 37. Bxb4 Kxb4 38. Kf2 Bg4 39.
Kg3 Bxf5 40. Kf4 g6 0-1

[Event "Graz op-B"]
[Site "Graz"]
[Date "2006.09.18"]
[Round "3.3"]
[White "Molnar, Attila"]
[Black "Jauk, Nadine"]
[Result "1-0"]
[WhiteElo "1917"]
[BlackElo "1829"]
[PlyCount "75"]
[EventDate "2006.09.16"]

1. e4 c5 2. Nc3 e6 3. g3 a6 4. Bg2 Qc7 5. a4 Nf6 6. Nge2 Be7 7. O-O O-O 8. d3
Nc6 9. h3 d6 10. g4 b6 11. Ng3 Bb7 12. f4 Nd4 13. Nb1 b5 14. c3 Nc6 15. Be3
Rfd8 16. g5 Ne8 17. Qg4 d5 18. f5 exf5 19. Nxf5 d4 20. Bf4 Qd7 21. Rf3 Nd6 22.
axb5 axb5 23. Rxa8 Bxa8 24. Qg3 Nxf5 25. exf5 dxc3 26. bxc3 c4 27. f6 Bc5+ 28.
d4 Nxd4 29. cxd4 Bxd4+ 30. Kh2 Bxf3 31. Bxf3 Qa7 32. Qg2 b4 33. Nd2 c3 34. Nb3
Bb6 35. Bd5 Qd7 36. g6 gxf6 37. gxf7+ Kh8 38. Qg8+ 1-0

[Event "Graz op-B"]
[Site "Graz"]
[Date "2006.09.18"]
[Round "3.4"]
[White "Bilalli, Arsim"]
[Black "Meggeneder, Heinrich"]
[Result "1-0"]
[WhiteElo "1897"]
[BlackElo "1911"]
[PlyCount "49"]
[EventDate "2006.09.16"]

1. e4 e5 2. Nf3 Nc6 3. d4 exd4 4. Nxd4 Bc5 5. Be3 Qf6 6. c3 Nge7 7. Be2 d5 8.
Bf3 dxe4 9. Bxe4 Nxd4 10. cxd4 Bb6 11. Nc3 c6 12. O-O O-O 13. Na4 Bc7 14. a3
Bh3 15. Qh5 Bf5 16. Bg5 Qxd4 17. Bxe7 Bxe4 18. Bxf8 Qxa4 19. Bb4 Bg6 20. Qe2 f6
21. Qe7 Be5 22. Rad1 Re8 23. Rd8 c5 24. Bxc5 b6 25. Qf8+ 1-0

[Event "Graz op-B"]
[Site "Graz"]
[Date "2006.09.18"]
[Round "3.5"]
[White "Lang, Wolfgang"]
[Black "Gsaxner, Daniel"]
[Result "1/2-1/2"]
[WhiteElo "1997"]
[BlackElo "1816"]
[PlyCount "36"]
[EventDate "2006.09.16"]

1. e4 e5 2. Nf3 Nc6 3. Bb5 d6 4. d4 exd4 5. Nxd4 Nge7 6. O-O Bd7 7. Be3 Nxd4 8.
Bxd7+ Qxd7 9. Bxd4 Nc6 10. c4 h5 11. Nc3 Be7 12. Nd5 Nxd4 13. Qxd4 O-O 14. Rad1
b6 15. Rfe1 Rfe8 16. e5 Bf8 17. Qh4 c6 18. Nf4 Qf5 1/2-1/2

[Event "Graz op-B"]
[Site "Graz"]
[Date "2006.09.18"]
[Round "3.6"]
[White "Nauschnegg, Gerald"]
[Black "Thalmeier, Bernd"]
[Result "1-0"]
[WhiteElo "1923"]
[BlackElo "1996"]
[PlyCount "49"]
[EventDate "2006.09.16"]

1. e4 d5 2. exd5 Nf6 3. d4 Bg4 4. Nf3 Qxd5 5. Nc3 Qa5 6. Bd2 c6 7. h3 Bf5 8. g4
Bg6 9. Ne5 Nd5 10. Nxg6 hxg6 11. Bc4 Qd8 12. Qf3 e6 13. Ne4 Be7 14. O-O-O Nd7
15. g5 Qc7 16. h4 Rf8 17. Bd3 c5 18. dxc5 Nxc5 19. Bb5+ Nd7 20. Bf4 Qc8 21.
Rxd5 exd5 22. Nd6+ Bxd6 23. Bxd6 Kd8 24. Re1 Rh8 25. Qxf7 1-0

[Event "Graz op-B"]
[Site "Graz"]
[Date "2006.09.18"]
[Round "3.7"]
[White "Kratschmer, Heinz"]
[Black "Brandstetter, Dieter"]
[Result "1/2-1/2"]
[WhiteElo "1993"]
[BlackElo "1921"]
[PlyCount "62"]
[EventDate "2006.09.16"]

1. d4 d5 2. Nf3 Nf6 3. e3 e6 4. Bd3 c5 5. c3 Nc6 6. Nbd2 Bd6 7. O-O O-O 8. dxc5
Bxc5 9. e4 e5 10. exd5 Qxd5 11. Qc2 Bg4 12. Ng5 h6 13. Nge4 Nxe4 14. Nxe4 Kh8
15. Nxc5 Qxc5 16. Be3 Qe7 17. Rfe1 Rfe8 18. f3 Be6 19. Be4 Rad8 20. Qf2 Bd5 21.
Bc2 Be6 22. b3 Qc7 23. Rad1 Qa5 24. Rxd8 Rxd8 25. Qh4 Qxc3 26. Be4 Rd7 27. Bxh6
gxh6 28. Qxh6+ Kg8 29. Bh7+ Kh8 30. Bd3+ Kg8 31. Bh7+ Kh8 1/2-1/2

[Event "Graz op-B"]
[Site "Graz"]
[Date "2006.09.18"]
[Round "3.8"]
[White "Lukas, Wolfgang"]
[Black "Stanka, Wolfgang"]
[Result "0-1"]
[WhiteElo "1983"]
[BlackElo "1903"]
[PlyCount "108"]
[EventDate "2006.09.16"]

1. e4 c6 2. c4 d5 3. exd5 cxd5 4. cxd5 Nf6 5. Bb5+ Nbd7 6. Nc3 g6 7. Nf3 Bg7 8.
d4 O-O 9. Bxd7 Qxd7 10. Ne5 Qd6 11. Qf3 Qb4 12. O-O Qxd4 13. Re1 Bf5 14. Bg5 h6
15. Rad1 Qb4 16. Bc1 Rfe8 17. a3 Qb3 18. g4 Bd7 19. Rd4 a5 20. h4 Rf8 21. g5
hxg5 22. hxg5 Nh5 23. Rh4 Rad8 24. Kg2 Qc2 25. Nd3 e6 26. Re2 Qb3 27. Nc5 Qb6
28. Be3 Qc7 29. N3e4 exd5 30. Nf6+ Bxf6 31. gxf6 d4 32. Nxd7 Qxd7 33. Bxd4 Qxd4
34. Rxd4 Rxd4 35. Re4 Rd6 36. Re7 Rxf6 37. Qxb7 Rd8 38. Re2 Nf4+ 39. Kf1 Nxe2
40. Kxe2 Re8+ 41. Kf1 Rf5 42. b4 axb4 43. axb4 Ree5 44. Qc8+ Kg7 45. Qc3 Kh7
46. Qh3+ Kg8 47. Qc3 Rb5 48. Qc8+ Kh7 49. Qc4 Rb8 50. Ke2 Kg8 51. f4 Rfb5 52.
Kf3 Rxb4 53. Qc7 R4b6 54. Qc3 Rb3 0-1

[Event "Graz op-B"]
[Site "Graz"]
[Date "2006.09.18"]
[Round "3.9"]
[White "Fischer, Werner"]
[Black "Saxer, Bernhard"]
[Result "0-1"]
[WhiteElo "1811"]
[BlackElo "1978"]
[PlyCount "54"]
[EventDate "2006.09.16"]

1. c4 Nf6 2. Nc3 e5 3. g3 d5 4. cxd5 Nxd5 5. Bg2 Be6 6. d3 Nc6 7. Nf3 f6 8. O-O
Qd7 9. Bd2 O-O-O 10. a3 Nb6 11. b4 Bh3 12. Rc1 h5 13. Ne4 h4 14. Nxh4 Bxg2 15.
Kxg2 g5 16. Nxg5 fxg5 17. Bxg5 Be7 18. Bxe7 Nxe7 19. Rh1 Rdg8 20. Nf3 Qh3+ 21.
Kg1 Ned5 22. e3 Nxe3 23. fxe3 Rxg3+ 24. Kf2 Qg2+ 25. Ke1 Rxf3 26. Qe2 Qxh1+ 27.
Kd2 Qxh2 0-1

[Event "Graz op-B"]
[Site "Graz"]
[Date "2006.09.18"]
[Round "3.10"]
[White "Paulitsch, Karl"]
[Black "Legenstein, Robert"]
[Result "0-1"]
[WhiteElo "1796"]
[BlackElo "1966"]
[PlyCount "86"]
[EventDate "2006.09.16"]

1. e4 c5 2. b3 Nc6 3. Bb2 d6 4. d3 Nf6 5. f4 e6 6. Nf3 g6 7. Be2 Bg7 8. O-O O-O
9. Nc3 Ng4 10. Qc1 Nd4 11. h3 Nxf3+ 12. Bxf3 Bd4+ 13. Kh1 e5 14. Nd1 Qh4 15.
Bxd4 cxd4 16. Bxg4 Bxg4 17. Kg1 Bxd1 18. Qxd1 exf4 19. Qd2 Rac8 20. Rxf4 Rxc2
21. Qxc2 Qxf4 22. Rf1 Qe5 23. Qc7 Qb5 24. Qc4 Qc5 25. Qxc5 dxc5 26. Rf6 Rd8 27.
g4 Kf8 28. Kf2 Ke7 29. g5 h6 30. h4 hxg5 31. hxg5 Rh8 32. Kg3 Rh1 33. Rf2 Rd1
34. Kf4 Rxd3 35. Ke5 Rg3 36. Kf4 Rc3 37. Ke5 Rg3 38. Kf4 Rc3 39. Ke5 d3 40. Rd2
b5 41. Kd5 c4 42. bxc4 bxc4 43. Kd4 Rc2 0-1

[Event "Graz op-B"]
[Site "Graz"]
[Date "2006.09.19"]
[Round "4.2"]
[White "Knoll, Martin"]
[Black "Bilalli, Arsim"]
[Result "0-1"]
[WhiteElo "1991"]
[BlackElo "1897"]
[PlyCount "94"]
[EventDate "2006.09.16"]

1. d4 Nf6 2. c4 c6 3. Nc3 d5 4. cxd5 cxd5 5. Nf3 g6 6. g3 Bg7 7. Bg2 Nc6 8. O-O
O-O 9. Bg5 h6 10. Bf4 a6 11. a3 Na5 12. b4 Nc4 13. Be5 b5 14. Nd2 Bb7 15. Nxc4
bxc4 16. Qd2 e6 17. h3 Rc8 18. Rab1 Ne4 19. Nxe4 dxe4 20. Bxg7 Kxg7 21. Qc3 Bd5
22. f3 exf3 23. Bxf3 Qg5 24. Kh2 h5 25. h4 Qe7 26. e4 Ba8 27. Qe3 f5 28. exf5
Rxf5 29. Bxa8 Rxa8 30. Rxf5 gxf5 31. Qe5+ Kf7 32. Rc1 Rc8 33. Rc3 Qb7 34. Qe2
Qe4 35. Re3 Qg4 36. d5 Qxe2+ 37. Rxe2 exd5 38. Re5 d4 39. Rxf5+ Ke6 40. Rxh5 c3
41. Rh6+ Kd5 42. Rxa6 c2 43. Ra5+ Ke4 44. h5 c1=Q 45. g4 Rc2+ 46. Kg3 Qe1+ 47.
Kh3 Qh1+ 0-1

[Event "Graz op-B"]
[Site "Graz"]
[Date "2006.09.19"]
[Round "4.3"]
[White "Saxer, Bernhard"]
[Black "Nauschnegg, Gerald"]
[Result "1-0"]
[WhiteElo "1978"]
[BlackElo "1923"]
[PlyCount "79"]
[EventDate "2006.09.16"]

1. e4 c5 2. Nf3 Nc6 3. d4 cxd4 4. Nxd4 Qb6 5. Nb3 Nf6 6. Nc3 e6 7. Be3 Qc7 8.
f4 d6 9. Be2 Be7 10. Qd2 a6 11. Rd1 b5 12. a3 Bb7 13. Bf3 O-O 14. Qf2 Rac8 15.
O-O Nd7 16. Rd2 b4 17. axb4 Nxb4 18. Rfd1 Nf6 19. Bb6 Qb8 20. Kh1 Nd7 21. Bd4
Nc6 22. Be3 Nf6 23. Ra1 Nb4 24. Na5 Ba8 25. Ba7 Qc7 26. Bb6 Qb8 27. Ra4 d5 28.
e5 Nd7 29. Bd4 Nc5 30. Ra1 Nd7 31. Rad1 Nc6 32. Nxc6 Rxc6 33. Re1 Rc7 34. f5
exf5 35. Nxd5 Bxd5 36. Bxd5 Bc5 37. e6 Nf6 38. exf7+ Kh8 39. Bxc5 Nxd5 40. Bxf8
1-0